Statistical reports of region Bangkok metropolitan and vicinity 1994

Gespeichert in:
Bibliographische Detailangaben
Format: Buch
Sprache:Englisch
Thailändisch
Veröffentlicht: Bangkok National Statistical Office 1994
Schlagworte:
Tags: Tag hinzufügen
Keine Tags, Fügen Sie das erste Tag hinzu!

MARC

LEADER 00000nam a2200000 4500
001 c100938
005 20231108094708.8
020 |a 974-236-142-8 
041 0 |a eng 
041 0 |a tha 
044 |a TH 
245 1 0 |a Statistical reports of region  |b Bangkok metropolitan and vicinity 1994 
264 1 |a Bangkok  |b National Statistical Office  |c 1994 
300 |a 110 s. 
610 2 0 |a údaje štatistické 
610 2 0 |a populácia 
610 2 0 |a poľnohospodárstvo 
610 2 0 |a doprava 
610 2 0 |a vzdelanie 
610 2 0 |a zdravie 
610 2 0 |a bankovníctvo 
610 2 0 |a regióny 
610 2 0 |a produkty 
610 2 0 |a priemysel 
610 2 0 |a Thajsko 
610 2 0 |a veľkomestá 
610 2 0 |a Bangkok 
610 2 0 |a 1994